Hướng dẫn thực tập điện tử C

Zapisane w:
Opis bibliograficzny
1. autor: Ngô, Tấn Nhơn
Format: Książka
Język:Undetermined
Wydane: TP.HCM Đại học Quốc gia TP.HCM 2005
Hasła przedmiotowe:
Dostęp online:http://lrc.tdmu.edu.vn/opac/search/detail.asp?aID=2&ID=3642
Etykiety: Dodaj etykietę
Nie ma etykietki, Dołącz pierwszą etykiete!
Thư viện lưu trữ: Trung tâm Học liệu Trường Đại học Thủ Dầu Một
LEADER 00701nam a2200193Ia 4500
001 TDMU_3642
008 210410s9999 xx 000 0 und d
082 |a 621.381 
090 |b N4993 
100 |a Ngô, Tấn Nhơn 
245 0 |a Hướng dẫn thực tập điện tử C 
245 0 |c Ngô Tấn Nhơn 
260 |a TP.HCM 
260 |b Đại học Quốc gia TP.HCM 
260 |c 2005 
300 |a 55tr. 
650 |a Điện tử  |x Giảng dạy và học tập; Hướng dẫn thực tập  |x Điện tử C 
856 |u http://lrc.tdmu.edu.vn/opac/search/detail.asp?aID=2&ID=3642 
980 |a Trung tâm Học liệu Trường Đại học Thủ Dầu Một